<?xml version="1.0" encoding="UTF-8"?>
<record
    xmlns:xsi="http://www.w3.org/2001/XMLSchema-instance"
    xsi:schemaLocation="http://www.loc.gov/MARC21/slim http://www.loc.gov/standards/marcxml/schema/MARC21slim.xsd"
    xmlns="http://www.loc.gov/MARC21/slim">

  <leader>02630nam a2200349 i 4500</leader>
  <controlfield tag="003">DO-SdBNP</controlfield>
  <controlfield tag="005">20260516175342.0</controlfield>
  <controlfield tag="007">ta</controlfield>
  <controlfield tag="008">250721b2019    dr a ||  |||| 001 0 spa d</controlfield>
  <datafield tag="020" ind1=" " ind2=" ">
    <subfield code="a">9789945434118</subfield>
  </datafield>
  <datafield tag="040" ind1=" " ind2=" ">
    <subfield code="a">DO-SdBNP</subfield>
    <subfield code="b">spa</subfield>
    <subfield code="c">BNPHU </subfield>
    <subfield code="e">rda</subfield>
  </datafield>
  <datafield tag="041" ind1=" " ind2=" ">
    <subfield code="a">spa</subfield>
  </datafield>
  <datafield tag="082" ind1=" " ind2=" ">
    <subfield code="a">614.1797293</subfield>
    <subfield code="b">M827</subfield>
    <subfield code="2">23</subfield>
  </datafield>
  <datafield tag="100" ind1="1" ind2=" ">
    <subfield code="a">Mora Garc&#xED;a, Wilfredo</subfield>
    <subfield code="d">1965-</subfield>
    <subfield code="e">autor</subfield>
    <subfield code="4">aut.</subfield>
    <subfield code="9">34652</subfield>
  </datafield>
  <datafield tag="245" ind1="1" ind2="3">
    <subfield code="a">El arte del antrop&#xF3;logo forense /</subfield>
    <subfield code="c">Wilfredo Mora Garc&#xED;a </subfield>
  </datafield>
  <datafield tag="250" ind1=" " ind2=" ">
    <subfield code="a">1era. edici&#xF3;n</subfield>
  </datafield>
  <datafield tag="264" ind1=" " ind2=" ">
    <subfield code="a">Santo Domingo, Rep&#xFA;blica Dominicana :</subfield>
    <subfield code="b">Editora 12 de Octubre : Sociedad Dominicana de Criminolog&#xED;a,</subfield>
    <subfield code="c">2019</subfield>
  </datafield>
  <datafield tag="300" ind1=" " ind2=" ">
    <subfield code="a">116 p&#xE1;ginas :</subfield>
    <subfield code="b">ilustraciones ;</subfield>
    <subfield code="c">19 cm</subfield>
  </datafield>
  <datafield tag="336" ind1=" " ind2=" ">
    <subfield code="a">texto</subfield>
    <subfield code="b">txt</subfield>
    <subfield code="2">rdacontent</subfield>
  </datafield>
  <datafield tag="337" ind1=" " ind2=" ">
    <subfield code="a">sin mediaci&#xF3;n</subfield>
    <subfield code="b">n</subfield>
    <subfield code="2">rdamedia</subfield>
  </datafield>
  <datafield tag="338" ind1=" " ind2=" ">
    <subfield code="a">volumen</subfield>
    <subfield code="b">nc</subfield>
    <subfield code="2">rdacarrier</subfield>
  </datafield>
  <datafield tag="490" ind1=" " ind2=" ">
    <subfield code="a">Pensamiento criminol&#xF3;gico dominicano ;</subfield>
    <subfield code="v">4</subfield>
  </datafield>
  <datafield tag="490" ind1=" " ind2=" ">
    <subfield code="a">Informes de Criminolog&#xED;a y Ciencias Forenses</subfield>
  </datafield>
  <datafield tag="500" ind1=" " ind2=" ">
    <subfield code="a">Incluye datos biograf&#xED;cos del autor en la contraportada.</subfield>
  </datafield>
  <datafield tag="500" ind1=" " ind2=" ">
    <subfield code="a">Incluye &#xED;ndice anal&#xED;tico. </subfield>
  </datafield>
  <datafield tag="504" ind1=" " ind2=" ">
    <subfield code="a">Bibliograf&#xED;a p: 105-107.</subfield>
  </datafield>
  <datafield tag="520" ind1=" " ind2=" ">
    <subfield code="a">El arte del antrop&#xF3;logo forense, fue escrito para exponer los diferentes problemas que definen el trabajo del antrop&#xF3;logo forense. Para que esto pueda entenderse fue necesario realizar un recorrido por la Antropolog&#xED;a f&#xED;sica y biol&#xF3;gica, y sus conceptos centrales. Una caracter&#xED;stica de esta obra es que se concibi&#xF3; doblemente. Primero como estudio proleg&#xF3;meno del tema forense; y, en segundo lugar, ser&#xED;a parte del material de tema de la tesis de grado para cerrar los estudios universitarios del autor. Luego, los dem&#xE1;s asuntos que complementan este libro tienen que ver con los acontecimientos que se han producido en el pa&#xED;s, que demandan la intervenci&#xF3;n de los antrop&#xF3;logos forenses de manera perentoria. El arte del antrop&#xF3;logo forense se definir&#xE1;, pues, por sus perfiles de cient&#xED;fico forense, en los casos donde interviene: debe ser neutral, objetivo, independiente, cient&#xED;fico y apol&#xED;tico. Wilfredo Mora Garc&#xED;a nos muestra una antropolog&#xED;a forense larvaria, donde trata temas diversos como la identificaci&#xF3;n de restos &#xF3;seos, los traumatismos y las enfermedades de los huesos, los cuales se explican a trav&#xE9;s de m&#xE9;todos cl&#xE1;sicos como los registros arqueol&#xF3;gicos, tafonom&#xED;a y paleopatolog&#xED;a, entre otros. Ahora que la Antropolog&#xED;a forense tiene una oportunidad es necesario la creaci&#xF3;n de una Unidad B&#xE1;sica de Gesti&#xF3;n de Antropolog&#xED;a Forense en el INACIF.</subfield>
  </datafield>
  <datafield tag="590" ind1=" " ind2=" ">
    <subfield code="a">Inventariado, 2025/ YL</subfield>
  </datafield>
  <datafield tag="650" ind1=" " ind2=" ">
    <subfield code="a">Antropologia forense</subfield>
    <subfield code="z">Rep&#xFA;blica Dominicana</subfield>
    <subfield code="9">88399</subfield>
  </datafield>
  <datafield tag="910" ind1=" " ind2=" ">
    <subfield code="a">YLockward</subfield>
  </datafield>
  <datafield tag="942" ind1=" " ind2=" ">
    <subfield code="2">ddc</subfield>
    <subfield code="c">LBS1</subfield>
  </datafield>
  <datafield tag="952" ind1=" " ind2=" ">
    <subfield code="0">0</subfield>
    <subfield code="1">0</subfield>
    <subfield code="2">ddc</subfield>
    <subfield code="5">1</subfield>
    <subfield code="7">0</subfield>
    <subfield code="8">PD</subfield>
    <subfield code="a">BNPHU</subfield>
    <subfield code="b">BNPHU</subfield>
    <subfield code="c">CT</subfield>
    <subfield code="d">2024-02-05</subfield>
    <subfield code="e">Donaci&#xF3;n </subfield>
    <subfield code="l">0</subfield>
    <subfield code="o">BNPHU PD 614.1797293 M827</subfield>
    <subfield code="p">2025-6818</subfield>
    <subfield code="r">2025-07-21</subfield>
    <subfield code="w">2025-07-21</subfield>
    <subfield code="y">LBS1</subfield>
  </datafield>
  <datafield tag="999" ind1=" " ind2=" ">
    <subfield code="c">59587</subfield>
    <subfield code="d">59587</subfield>
  </datafield>
</record>
